[Event "Helsinki PC-SuperSto"]
[Site "Helsinki"]
[Date "1995.??.??"]
[Round "?"]
[White "Koskinen, Henri"]
[Black "Hartikainen, Markku"]
[Result "1-0"]
[WhiteElo "2260"]
[BlackElo "2255"]

1.e4 c5 2.Nf3 d6 3.Bb5+ Nc6 4.O-O Bg4 5.c3 e6 6.d4 cxd4 7.cxd4 a6 8.Bxc6+ bxc6
9.h3 Bh5 10.Re1 Nf6 11.d5 Bxf3 12.Qxf3 cxd5 13.exd5 e5 14.Nc3 Be7 15.Be3 O-O
16.Rac1 Nd7 17.g4 Qa5 18.Red1 Rfc8 19.Qe2 Rab8 20.Qd2 Qb4 21.b3 h6 22.Ne2 Qxd2
23.Bxd2 Nc5 24.Ng3 Nd3 25.Rxc8+ Rxc8 26.Nf5 Bf8 27.Be3 Nb2 28.Rd2 Rc1+ 29.Kg2 Nd1
30.Re2 Ra1 31.Rc2 Nxe3+ 32.Nxe3 g6 33.Kf3 Be7 34.Rc7 Bh4 35.Rc2 Kf8 36.Ke4 Ke7
37.Rc7+ Ke8 38.Nc4 Be7 39.Rc8+ Bd8 40.Ra8 Rxa2 41.Nxd6+ Ke7 42.Nc4 Rxf2 43.d6+ Ke8
44.Nxe5 Re2+ 45.Kd5 Rd2+ 46.Kc6 f5 47.d7+ Ke7 48.Nxg6+  1-0

[Event "Helsinki EtVaS op"]
[Site "Helsinki"]
[Date "1995.??.??"]
[Round "?"]
[White "Laine, Panu"]
[Black "Tella, Jussi"]
[Result "0-1"]
[WhiteElo "2190"]
[BlackElo "2240"]

1.e4 c5 2.Nf3 d6 3.Bb5+ Bd7 4.Bxd7+ Nxd7 5.O-O Ngf6 6.Qe2 e6 7.c3 Be7 8.d4 cxd4
9.cxd4 d5 10.e5 Ne4 11.Ne1 Rc8 12.Be3 f5 13.exf6 Nexf6 14.Nc3 O-O 15.Bg5 Rc6
16.f4 Qb6 17.Nf3 Bb4 18.Bxf6 Rxf6 19.Qe3 Bxc3 20.bxc3 Qc7 21.Ne5 Rxc3 22.Rac1 Rxc1
23.Rxc1 Qd8 24.Ng4 Rg6 25.Ne5 Rf6 26.Ng4 Rf7 27.Qxe6 Nf8 28.Qe3 Qh4 29.Qg3 Qxg3
30.hxg3 Ne6 31.Kf2 Rc7 32.Rxc7 Nxc7 33.Ke3 Kf7 34.Ne5+ Ke6 35.g4 Nb5 36.g5 a5
37.g4 Nc3 38.f5+ Ke7 39.a3 Nb5 40.Nd3 Nxa3 41.Nf4 Nc2+ 42.Kd3 Nb4+ 43.Kc3 b5
44.Ne6 Nc6 45.Nc7 b4+ 46.Kb2 Nxd4 47.Nxd5+ Kd6 48.f6 g6 49.f7 Ne6 50.Nf6 Nf8
51.Kb3 Ke5 52.Ka4 Kf4 53.Kxa5 b3 54.Kb4 b2 55.Nd5+ Kxg5 56.Nc3 Kxg4 57.Kb3 h5
58.Kxb2 h4  0-1

[Event "Hillerod Politiken"]
[Site "Hillerod"]
[Date "1995.??.??"]
[Round "3"]
[White "Nielsen, Uffe V"]
[Black "Hansen, Sune Berg"]
[Result "0-1"]
[WhiteElo "2370"]
[BlackElo "2460"]

1.e4 c5 2.Nf3 d6 3.Bb5+ Nd7 4.c3 Nf6 5.Qe2 a6 6.Ba4 e6 7.O-O Be7 8.d4 O-O
9.Bg5 cxd4 10.cxd4 b5 11.Bb3 Bb7 12.Nbd2 h6 13.Bh4 Nb6 14.Rfd1 Rc8 15.e5 Nfd5
16.Bg3 dxe5 17.dxe5 Qc7 18.Nd4 Nd7 19.h3 Nc5 20.Rac1 Qb6 21.Bc2 Rfd8 22.N2f3 Rc7
23.Bb1 Rdc8 24.Qc2 g6 25.Qd2 Kg7 26.h4 Nd7 27.Rxc7 Qxc7 28.h5 g5 29.Nf5+ exf5
30.e6 f4 31.exd7 Qxd7 32.Qd3 f5 33.Nd4 fxg3 34.Nxf5+ Kh8 35.Nxg3 Bf6 36.Ne4 Be5
37.b4 Qf7 38.Nc5 Bc6 39.Ne6 Re8 40.Nd4 Bb7 41.Nf5 Nf4 42.Nxh6 Qg7 43.Qd7 Rf8
44.Qxg7+ Bxg7 45.Rd7 Bc8 46.Rd6 Be5 47.Nf7+ Rxf7 48.Rd8+ Kg7 49.Rxc8 Rd7
50.Be4 Nxh5 51.g3 Nf6 52.Bf5 Rd2 53.Rc2 Rxc2 54.Bxc2 Bc3 55.a4 bxa4 56.Bxa4 Bxb4
57.Bc6 a5 58.Kg2 Kf7  0-1

[Event "EU-ch U20"]
[Site "Holon"]
[Date "1995.??.??"]
[Round "3"]
[White "Skripchenko, Almira"]
[Black "Gabriel, Christian"]
[Result "1/2-1/2"]
[WhiteElo "2400"]
[BlackElo "2475"]

1.e4 c5 2.Nf3 d6 3.Bb5+ Nd7 4.O-O Nf6 5.Re1 a6 6.Bxd7+ Nxd7 7.b3 b6 8.d4 cxd4
9.Nxd4 Bb7 10.c4 e6 11.Bb2 Be7 12.Nc3 O-O 13.Qd2 Rc8 14.Rad1 Re8 15.Nde2 Bf8
16.Ng3 Qh4 17.Nf1 Bc6 18.Re3 Ne5 19.Qe2 Qg4 20.f3 Qg5 21.Kh1 Ng6 22.a4 Nf4
23.Qd2 Red8 24.Ree1 Be7 25.Ne3 Ng6 26.Ba1  1/2-1/2

[Event "HUN-chT1"]
[Site "HUN"]
[Date "1995.??.??"]
[Round "?"]
[White "Zetocha, Claudiu"]
[Black "Lengyel, Ferenc"]
[Result "0-1"]
[WhiteElo "2315"]
[BlackElo "2315"]

1.e4 c5 2.Nf3 d6 3.Bb5+ Bd7 4.Bxd7+ Qxd7 5.c4 Nc6 6.d4 cxd4 7.Nxd4 g6 8.Nc3 Bg7
9.Nde2 Nf6 10.O-O O-O 11.f3 Rfc8 12.Be3 Qc7 13.Rc1 Qa5 14.b3 Rab8 15.Qd2 a6
16.a4 Nd7 17.Rfd1 h5 18.Kh1 Kh7 19.Rb1 Nf6 20.Qe1 Bh6 21.Bf2 Qb4 22.Qg1 Na5
23.Rd3 b6 24.Qd1 Nc6 25.Nd5 Nxd5 26.Rxd5 Bg7 27.f4 Qa3 28.Be1 b5 29.axb5 axb5
30.Rxb5 Rxb5 31.cxb5 Nb4 32.b6 Rb8 33.Bf2 Na6 34.Nd4 Nc5 35.Nc2 Qa6 36.Qf3 Rxb6
37.b4 Rb7  0-1

[Event "HUN-chT1"]
[Site "HUN"]
[Date "1995.??.??"]
[Round "?"]
[White "Zetocha, Claudiu"]
[Black "Farago, Sandor"]
[Result "0-1"]
[WhiteElo "2315"]
[BlackElo "2360"]

1.e4 c5 2.Nf3 d6 3.Bb5+ Nd7 4.O-O Nf6 5.Re1 a6 6.Bf1 g6 7.c3 Bg7 8.d4 cxd4
9.cxd4 e5 10.dxe5 dxe5 11.Nc3 O-O 12.h3 b5 13.a4 b4 14.Nd5 Bb7 15.Bg5 h6
16.Bxf6 Nxf6 17.Nxf6+ Bxf6 18.Qb3 Qe7 19.Bc4 Rfd8 20.Bd5 Bxd5 21.exd5 Qd6
22.Rad1 Bg7 23.Re4 a5 24.Rc4 Ra6 25.Qc2 f5 26.Rc5 b3 27.Qc4 Rb6 28.Rb5 Rxb5
29.axb5 e4 30.Nh2 Bxb2 31.Qxb3 Be5 32.Nf1 Qb4 33.Qa2 Qxb5 34.d6+ Kg7 35.Rd5 Qe8
36.Qxa5 Bxd6 37.Qc3+ Kh7 38.Ra5 Qe7 39.Qa1 Rd7 40.Ra8 Be5 41.Qa2 Qf7 42.Qc2 h5
43.Ra6 Rc7 44.Rc6 Ra7 45.Qc5 Bf4 46.Qb4 Ra1 47.Qb2 Qg7 48.Qb3 Qd7 49.Rb6 Bc7
50.Rb7 Rc1 51.Rb4 Qd6 52.g3 Qf6 53.Qe3 Qa1 54.Qe2 Qc3 55.Rb7 Rc2 56.Qe3 Qc4
57.Qb3 Qxb3 58.Rxb3 Kg7 59.Kg2 h4 60.Ne3 Rc5 61.gxh4 f4 62.Nf1  0-1

[Event "HUN-chT1"]
[Site "HUN"]
[Date "1995.??.??"]
[Round "?"]
[White "Poor, Istvan"]
[Black "Miranovic, Rajko"]
[Result "1/2-1/2"]
[WhiteElo "2305"]
[BlackElo "2385"]

1.e4 c5 2.Nf3 d6 3.Bb5+ Nd7 4.O-O Nf6 5.Re1 e6 6.c3 a6 7.Ba4 Be7 8.d4 b5
9.Bc2 Bb7 10.e5 Nd5 11.a4 Rc8 12.axb5 axb5 13.Na3 Qb6 14.exd6 Bxd6 15.c4 bxc4
16.Nxc4 Qc7 17.Nxd6+ Qxd6 18.Ne5 O-O 19.Nxd7 Qxd7 20.dxc5 Qc6 21.Be4 Qxc5
22.Ra3 f5 23.Bxd5 Qxd5 24.Qxd5 Bxd5 25.Bf4 Rf7 26.Be5 f4 27.f3 Rc2 28.Rc3 Rxc3
29.Bxc3 g5 30.h3 h5 31.Re5 Rf5 32.Rxf5 exf5 33.Bf6 g4 34.Kf2 Kf7 35.Be5 Ke6
36.Bxf4 Bc4 37.Bd2 Bb5 38.Bc3 Bc4 39.Kg3 Bf1 40.h4 Kd5 41.Kf2 Bb5 42.Ke3 Bf1
43.fxg4 fxg4 44.g3 Bb5 45.Kf4 Be8 46.Kf5  1/2-1/2

[Event "HUN-chT1"]
[Site "HUN"]
[Date "1995.??.??"]
[Round "?"]
[White "Horvath, Imre"]
[Black "Mayer, Istvan"]
[Result "1/2-1/2"]
[WhiteElo "2345"]
[BlackElo "2275"]

1.e4 c5 2.Nf3 d6 3.Bb5+ Bd7 4.Bxd7+ Qxd7 5.O-O Nc6 6.c3 Nf6 7.d4 e5 8.Re1 Be7
9.Nbd2 O-O 10.Nc4 cxd4 11.cxd4 exd4 12.Nxd4 d5 13.exd5 Nxd4 14.Qxd4 Qxd5
15.Be3 Rfc8 16.Rac1 b5 17.Ne5 Rxc1 18.Rxc1 Qxa2 19.Nc6 Bf8 20.Nxa7 Nd5 21.Nxb5  1/2-1/2

[Event "HUN-chT1"]
[Site "HUN"]
[Date "1995.??.??"]
[Round "?"]
[White "Horvath, Imre"]
[Black "Lengyel, Ferenc"]
[Result "1/2-1/2"]
[WhiteElo "2345"]
[BlackElo "2315"]

1.e4 c5 2.Nf3 d6 3.Bb5+ Bd7 4.Bxd7+ Qxd7 5.O-O Nf6 6.e5 dxe5 7.Nxe5 Qc7 8.d4 e6
9.Na3 cxd4 10.Qxd4 Bxa3 11.bxa3 O-O 12.Bg5 Nbd7 13.Nxd7 Nxd7 14.Rab1 h6 15.Be7 Rfe8
16.Bd6 Qc6 17.c4 b6 18.Rb3 e5 19.Qd5 Rac8 20.Bb4 Nf6 21.Qd1 Qxc4 22.Rg3 a5
23.Qf3 Qf4 24.Bd2 Qxf3 25.Rxf3 Ne4 26.Be3 Rc2 27.Rd1 b5 28.h4 Rxa2 29.Rd7 Nf6
30.Rb7 Rxa3 31.g4 Rd3 32.g5 hxg5 33.hxg5 Nd7 34.Rxb5 Ra8 35.Rh3 g6 36.Kg2 Rd1
37.Rb2 Kg7 38.f4 Rh8 39.Rxh8 Kxh8 40.Bd2 exf4 41.Bxa5 Rd3 42.Rd2 Rxd2+ 43.Bxd2 Nf8
44.Bxf4 Ne6 45.Kf3 Kg8 46.Bc1 Kf8 47.Ke4 Ke8 48.Ke5 Ng7 49.Ba3 Nh5 50.Kd6 Nf4
51.Bc1 Ne6 52.Be3  1/2-1/2

[Event "HUN-chT1"]
[Site "HUN"]
[Date "1995.??.??"]
[Round "?"]
[White "Baranyai, Szabolcs Jr"]
[Black "Csonkics, Tunde"]
[Result "1/2-1/2"]
[WhiteElo "2135"]
[BlackElo "2280"]

1.e4 c5 2.Nf3 d6 3.Bb5+ Bd7 4.Bxd7+ Qxd7 5.O-O Nc6 6.c3 Nf6 7.Qe2 e6 8.d4 cxd4
9.cxd4 d5 10.e5 Ne4 11.Nbd2 Nxd2 12.Bxd2 Be7 13.Qd3 h6 14.Ne1 Rc8 15.Nc2 O-O
16.f4 f5 17.Kh1 Qc7 18.Bc3 a6 19.g4 b5 20.gxf5 b4  1/2-1/2

[Event "HUN-chT1"]
[Site "HUN"]
[Date "1995.??.??"]
[Round "?"]
[White "Madl, Ildiko"]
[Black "Pirisi, Gabor"]
[Result "1/2-1/2"]
[WhiteElo "2405"]
[BlackElo "2405"]

1.e4 c5 2.Nf3 d6 3.Bb5+ Nc6 4.O-O Bd7 5.c3 a6 6.Ba4 Nf6 7.Re1 b5 8.Bc2 e5
9.h3 Qc7 10.d4 Be7 11.Nbd2 O-O 12.d5 Nd8 13.Nf1 Ne8 14.Ng3 g6 15.Bh6 Ng7
16.a4 Rb8 17.axb5 axb5 18.Qb1 f6 19.Be3 b4 20.cxb4 Rxb4 21.Bd2 Rb8 22.Bc3 Nf7
23.Nd2 Ng5 24.Nc4 f5 25.exf5 Nxf5 26.Nxf5 Bxf5 27.h4 Bxc2 28.Qxc2 Nf7 29.Re4 Nh6
30.Qe2 Qd7 31.h5 Rf5 32.hxg6 hxg6 33.Rf1 Bg5 34.g3 Rbf8 35.Kg2 Rf3 36.Bxe5 Ng4
37.Bf4 R8xf4 38.gxf4 Ne5 39.Nxe5 Qh3+ 40.Kg1 Bxf4 41.Nxf3  1/2-1/2

[Event "HUN-chT1"]
[Site "HUN"]
[Date "1995.??.??"]
[Round "?"]
[White "Lakos, Nikoletta"]
[Black "Rezsek, Gyozo"]
[Result "1/2-1/2"]
[WhiteElo "2265"]
[BlackElo "2125"]

1.e4 c5 2.Nf3 d6 3.Bb5+ Bd7 4.Bxd7+ Nxd7 5.O-O Ngf6 6.Qe2 e6 7.c3 Be7 8.d4 O-O
9.Rd1 Qc7 10.h3 h6 11.Bf4 Rfe8 12.Bh2 Qc6 13.e5 dxe5 14.dxe5 Nh7 15.Nbd2 Red8
16.Ne4 Ndf8 17.h4 Rxd1+ 18.Rxd1 Rd8 19.Rxd8 Bxd8 20.h5 Be7 21.Bf4 Nd7 22.Nfd2 Qa4
23.Nc4 Qxa2 24.Ncd6 Qd5 25.c4 Qc6 26.Qg4 Kf8 27.f3 Qa4 28.Nxf7 Kxf7 29.Qg6+ Kf8
30.Qxh7 Qxc4 31.Qh8+ Kf7 32.Qh7 Qd4+ 33.Kh2 Nxe5 34.Bxh6 Bf6 35.Nxf6  1/2-1/2

[Event "HUN-chT1"]
[Site "HUN"]
[Date "1995.??.??"]
[Round "?"]
[White "Lakos, Nikoletta"]
[Black "Farago, Sandor"]
[Result "1-0"]
[WhiteElo "2265"]
[BlackElo "2360"]

1.e4 c5 2.Nf3 d6 3.Bb5+ Nd7 4.O-O a6 5.Bxd7+ Bxd7 6.c3 Bg4 7.d4 cxd4 8.cxd4 e6
9.Nc3 Nf6 10.Qe2 Be7 11.Rd1 O-O 12.h3 Bh5 13.e5 Nd5 14.Nxd5 exd5 15.Bf4 Re8
16.Rac1 Rc8 17.Re1 dxe5 18.dxe5 Qb6 19.Qd3 Bc5 20.Re2 d4 21.Rd2 Bg6 22.Qb3 Qa7
23.Nh4 Rc6 24.Qd5 Rec8 25.Nxg6 hxg6 26.a3 a5 27.Re1 Qa6 28.Rde2 Re6 29.Rc2 b6
30.Rd1 a4 31.Kh2 Rce8 32.Qc4 Qa8 33.Re2 Qc6 34.Bg3 Rd8 35.Red2 g5 36.Qa6 Qc8
37.Qb5 Qa8 38.Re2 Rd5 39.Qd3 Qd8 40.Rc1 Qd7 41.Rec2 Qe8 42.Re1 Qd7 43.Re4 Qe8
44.Qc4 Rd8 45.Rg4 Rc8 46.Rc1 Rxe5 47.Bxe5 Qxe5+ 48.Rg3 Rd8 49.Qd3 Qd5 50.Rf3 g6
51.Re1 Kg7 52.Kg1 f5 53.Rg3 Kf6 54.Qd2 f4 55.Rf3 Bd6 56.Rd3 Be5 57.Qb4 b5
58.Rc1 Rb8 59.Rdd1 f3 60.Rc5 Qd7 61.Re1 Re8 62.Rcxe5 Rxe5 63.Qf8+ Ke6 64.Qg8+ Kf5
65.g4+ Kf4 66.Qf8+ Qf5 67.gxf5 Rxe1+ 68.Kh2 gxf5 69.Qc5 Re4 70.Qd6+ Re5  1-0

[Event "HUN-chT2 9495"]
[Site "HUN"]
[Date "1995.??.??"]
[Round "?"]
[White "Doery, Jeno"]
[Black "Kosanovic, Dragan"]
[Result "1/2-1/2"]
[WhiteElo "2340"]
[BlackElo "2325"]

1.e4 c5 2.Nf3 d6 3.Bb5+ Bd7 4.Bxd7+ Qxd7 5.O-O Nf6 6.e5 dxe5 7.Nxe5 Qc7 8.d4 cxd4
9.Bf4 Qd8 10.c3 e6 11.Qa4+ Nbd7 12.Rd1 Bc5 13.cxd4 Be7 14.Nc3 O-O 15.Nxd7 Nxd7
16.d5 e5 17.d6 Bh4 18.Bg3 Bxg3 19.hxg3 Kh8 20.Nb5 a6 21.Nc7 Rb8 22.Rac1 Nb6
23.Qa5 Nd7 24.Qa4 Nb6 25.Qa5 Nd7 26.Qa4  1/2-1/2

[Event "HUN-chT2 9495"]
[Site "HUN"]
[Date "1995.??.??"]
[Round "?"]
[White "Emodi, Gyula"]
[Black "Videki, Sandor"]
[Result "1/2-1/2"]
[WhiteElo "2410"]
[BlackElo "2455"]

1.e4 c5 2.Nf3 d6 3.Bb5+ Nd7 4.d4 Nf6 5.O-O a6 6.Bxd7+ Nxd7 7.Nc3 e6 8.dxc5 dxc5
9.Bg5 Qc7 10.Re1 f6 11.Bh4 Bd6 12.Bg3 Bxg3 13.hxg3 O-O 14.Qd2 Nb6 15.e5 f5
16.b3 Bd7 17.Qd6 Qc6 18.Rad1 Rad8 19.Ng5 Qxd6 20.exd6 Rfe8 21.a4 Nc8 22.Re5 h6
23.Nf3 Bc6 24.d7 Bxd7 25.Rxc5 Bc6 26.Nd4 Na7 27.b4 Rd6 28.Nxc6 Rxd1+ 29.Nxd1 Nxc6
30.b5 axb5 31.axb5 Rd8 32.Ne3 Nb4 33.Rc7 b6 34.Re7 Rd6 35.Nc4 Rd8  1/2-1/2

[Event "HUN-chT2 9495"]
[Site "HUN"]
[Date "1995.??.??"]
[Round "?"]
[White "Somlai, Laszlo"]
[Black "Videki, Sandor"]
[Result "1/2-1/2"]
[WhiteElo "2375"]
[BlackElo "2435"]

1.e4 c5 2.Nf3 d6 3.Bb5+ Nd7 4.d4 Nf6 5.Nc3 a6 6.Bxd7+ Nxd7 7.Be3 e6 8.Qd2 Be7
9.O-O O-O 10.Rad1 Qc7 11.Bg5 f6 12.Bf4 cxd4 13.Nxd4 Ne5 14.Bg3 Rd8 15.f4 Nc4
16.Qc1 d5 17.exd5 exd5  1/2-1/2

[Event "HUN-chT2 9495"]
[Site "HUN"]
[Date "1995.??.??"]
[Round "?"]
[White "Mathe, Gaspar"]
[Black "Loginov, Valery A"]
[Result "0-1"]
[WhiteElo "2415"]
[BlackElo "2550"]

1.e4 c5 2.Nf3 d6 3.Bb5+ Bd7 4.Bxd7+ Qxd7 5.O-O e6 6.c4 Nf6 7.Nc3 Nc6 8.d4 cxd4
9.Nxd4 Be7 10.b3 O-O 11.Bb2 a6 12.a4 Rfc8 13.Re1 Qe8 14.Kh1 Rab8 15.f4 Nd7
16.Re2 Nc5 17.Nf3 Bf6 18.Rb1 Rd8 19.Ba1 Ne7 20.Qc2 Ng6 21.g3 Qc6 22.h4 h5
23.Kh2 Re8 24.Re3 Nd7 25.Qe2 Bxc3 26.Bxc3 e5 27.f5 Ngf8 28.Kg2 b5 29.axb5 axb5
30.Rd1 Nf6 31.cxb5 Qxb5 32.Rxd6 Ng4 33.Red3 Rbc8 34.R6d5 Qxb3 35.Bxe5 Rc2
36.Nd2 Qb4 37.R5d4 Qa5 38.Rd5 Qa2 39.Bf4 Rc1 40.R5d4 Qa1 41.Nf1 Re1 42.Qf3 Qa8
43.Rd2 Nh7 44.Bc7 Nhf6 45.Rd8 Qc6 46.Rxe8+ Nxe8 47.Bf4 Rxe4 48.Bg5 Ne5  0-1

[Event "HUN-chT2 9495"]
[Site "HUN"]
[Date "1995.??.??"]
[Round "?"]
[White "Katona, Marton"]
[Black "Kovacs, Janos"]
[Result "1/2-1/2"]
[WhiteElo "2200"]
[BlackElo "2180"]

1.e4 c5 2.Nf3 d6 3.Bb5+ Bd7 4.Bxd7+ Qxd7 5.c4 Nc6 6.d4 cxd4 7.Nxd4 Nf6 8.f3 g6
9.Be3 Bg7 10.Nc3 Rc8 11.b3 a6 12.Rc1 O-O 13.a4 Qd8 14.O-O Qa5 15.Rf2 Qh5
16.Rd2 Nxd4 17.Rxd4 Nd7 18.Rd5 Be5 19.f4 Qxd1+ 20.Rdxd1 Bxc3 21.Rxc3  1/2-1/2

[Event "HUN-chT2 9495"]
[Site "HUN"]
[Date "1995.??.??"]
[Round "?"]
[White "Haag, Ervin"]
[Black "Videki, Sandor"]
[Result "0-1"]
[WhiteElo "2355"]
[BlackElo "2455"]

1.e4 c5 2.Nf3 d6 3.Bb5+ Nd7 4.O-O Nf6 5.Re1 a6 6.Bf1 b6 7.d4 cxd4 8.Nxd4 Bb7
9.Nc3 Rc8 10.g3 e6 11.Bg2 Qc7 12.g4 h6 13.h3 b5 14.a3 Be7 15.Nde2 O-O 16.Ng3 Nb6
17.f4 Nh7 18.Kh2 Rfd8 19.Qe2 Bh4 20.Rd1 d5 21.exd5 Nxd5 22.Nxd5 Bxd5 23.Bxd5 Bxg3+
24.Kxg3 exd5 25.c3 Re8 26.Qd3 Nf6 27.a4 bxa4 28.Rxa4 Ne4+ 29.Rxe4 dxe4 30.Qxa6 e3
31.Qe2 Re4 32.Qf3 Rce8 33.Re1 g5 34.Bxe3 Rxe3  0-1

[Event "HUN-chT1 9596"]
[Site "HUN"]
[Date "1995.??.??"]
[Round "1"]
[White "Mathe, Gaspar"]
[Black "Dao Thien Hai"]
[Result "0-1"]
[WhiteElo "2400"]
[BlackElo "2545"]

1.e4 c5 2.Nf3 d6 3.Bb5+ Nd7 4.O-O a6 5.Bxd7+ Bxd7 6.d4 Qc7 7.Nc3 e6 8.Re1 Ne7
9.Be3 Ng6 10.h4 cxd4 11.Qxd4 Ne5 12.Qd1 Nc4 13.Bd4 f6 14.Nh2 Be7 15.b3 Ne5
16.Ne2 O-O 17.c4 b5 18.cxb5 axb5 19.Qd2 Rfc8 20.Rac1 Qa5 21.Rxc8+ Bxc8 22.Qxa5 Rxa5
23.Rc1 Ra8 24.Nc3 Bd7 25.Rc2 Kf7 26.Nf1 Nc6 27.Bb6 Nb4 28.Rd2 Be8 29.Ng3 g6
30.Nge2 f5 31.Bc7 Ra6 32.g3 e5 33.exf5 gxf5 34.a4 bxa4 35.bxa4 Ke6 36.a5 d5
37.f4 d4 38.Bxe5 dxc3 39.Bxc3 Nc6  0-1

[Event "HUN-chT2 9596"]
[Site "HUN"]
[Date "1995.??.??"]
[Round "1"]
[White "Mullner, Imre"]
[Black "Szeles, Karoly"]
[Result "1/2-1/2"]
[WhiteElo "2220"]
[BlackElo "2290"]

1.e4 c5 2.Nf3 d6 3.Bb5+ Nc6 4.O-O g6 5.c3 Bg7 6.d4 cxd4 7.cxd4 a6 8.Be2 Nf6
9.Nc3 O-O 10.h3 d5 11.e5 Ne4 12.Be3 Nxc3 13.bxc3 Na5 14.Nd2 Be6 15.Bg4 Qd7
16.Bxe6 Qxe6 17.Qa4 Nc6 18.c4 dxc4 19.Qxc4 Qxc4 20.Nxc4 Rad8 21.Rfd1 b5 22.Nb6 Nb4
23.Rd2 Nd5  1/2-1/2

[Event "HUN-chT1 9596"]
[Site "HUN"]
[Date "1995.??.??"]
[Round "2"]
[White "Bogumil, Pavel"]
[Black "Krutti, Valer"]
[Result "1-0"]
[WhiteElo "2370"]
[BlackElo "2415"]

1.e4 c5 2.Nf3 d6 3.Bb5+ Bd7 4.Bxd7+ Nxd7 5.O-O Ngf6 6.Re1 e6 7.c3 Be7 8.d3 O-O
9.Nbd2 b5 10.Nf1 Qc7 11.Ng3 Rfe8 12.h3 Bf8 13.Qe2 e5 14.c4 bxc4 15.dxc4 h6
16.Nf5 Qb7 17.g4 Nh7 18.Kh2 Re6 19.Rg1 Ndf6 20.Nd2 Ng5 21.f3 Ree8 22.Nb1 Ne6
23.Nc3 Nd4 24.Qg2 Qb4 25.g5 Nh7 26.Nxh6+ Kh8 27.Nxf7+ Kg8 28.Nd5 Qxc4 29.g6 Nf6
30.Nh6+ gxh6 31.Nxf6+ Kg7 32.Bxh6+ Kxf6 33.g7  1-0

[Event "HUN-chT2 9596"]
[Site "HUN"]
[Date "1995.??.??"]
[Round "6"]
[White "Sarkadi, Laszlo"]
[Black "Gara, Anita"]
[Result "1/2-1/2"]
[WhiteElo "2010"]
[BlackElo "2030"]

1.e4 c5 2.Nf3 d6 3.Bb5+ Bd7 4.Bxd7+ Qxd7 5.O-O Nc6 6.c3 d5 7.e5 e6 8.d4 Nge7
9.Na3 Nf5 10.Nc2 cxd4 11.Ncxd4 Nfxd4 12.cxd4 Be7 13.Ng5 h6 14.Nh3 Rc8 15.Qg4 g6
16.Be3 Nb4 17.Qd1 Nc2 18.Rc1 Nxe3 19.Rxc8+ Qxc8 20.fxe3 Qc4 21.b3 Qc3 22.Qe2 O-O
23.Nf2 Rc8 24.Qf3 Bg5 25.Ng4 Rc7 26.h4 h5 27.hxg5 hxg4 28.Qf4 Qd3 29.Qxg4 Qxe3+
30.Kh2 Rc2 31.a4 Rd2 32.Rd1 Rb2 33.Rf1 Qe4 34.Qh3 Qxd4 35.Qg3 Rc2 36.Kh1 Rc3
37.Qe1 Rxb3 38.Qa5 Qb6 39.Qd2 Rb4 40.g3 Qd4 41.Qc1 Rc4 42.Qa3 Qg4 43.Rf2 Rxa4
44.Qc3 Rd4 45.Qc8+ Kg7 46.Rxf7+  1/2-1/2

[Event "Ikaros op"]
[Site "Ikarios"]
[Date "1995.??.??"]
[Round "7"]
[White "Nikolaidis, Konstantinos"]
[Black "Banikas, Hristos"]
[Result "1/2-1/2"]
[WhiteElo "2290"]
[BlackElo "2375"]

1.e4 c5 2.Nf3 d6 3.Bb5+ Nc6 4.d4 cxd4 5.Qxd4 Bd7 6.Bxc6 Bxc6 7.Nc3 Nf6 8.Bg5 e6
9.O-O-O Be7 10.Rhe1 O-O 11.Qd3 Qa5 12.Bd2 Qa6 13.Qxa6 bxa6 14.Nd4 Bb7 15.f3 Rac8
16.Nb3 Ba8 17.Be3 Rc7 18.Bf4 Rd7 19.Rd3 Rc8 20.Red1 Ne8 21.Rd4 Rdd8 22.Ra4 Nc7
23.Rc4 Ne8 24.Ra4 Nc7 25.Rc4 Ne8 26.Ra4 Nc7  1/2-1/2

[Event "Ikaros op"]
[Site "Ikarios"]
[Date "1995.??.??"]
[Round "9"]
[White "Nikolaidis, Konstantinos"]
[Black "Vouldis, Angelos"]
[Result "1/2-1/2"]
[WhiteElo "2290"]
[BlackElo "2425"]

1.e4 c5 2.Nf3 d6 3.Bb5+ Bd7 4.Bxd7+ Qxd7 5.c4 Nc6 6.O-O g6 7.d3 Bg7 8.Nc3 Nf6
9.h3 O-O 10.Be3 e5 11.a3 a5 12.Nd5 Nxd5 13.cxd5 Nd4 14.Bxd4 cxd4 15.a4 Bh6
16.Nd2 Bxd2  1/2-1/2

[Event "IRL-ch"]
[Site "IRL"]
[Date "1995.??.??"]
[Round "4"]
[White "Harding, Tim D"]
[Black "Ryan, Joseph"]
[Result "1/2-1/2"]
[WhiteElo "2225"]
[BlackElo "2230"]

1.e4 c5 2.Nf3 d6 3.Bb5+ Nd7 4.O-O Nf6 5.d4 cxd4 6.Qxd4 e5 7.Qe3 Be7 8.c4 O-O
9.Bxd7 Bxd7 10.Nc3 a6 11.Rd1 Rc8 12.b3 b5 13.cxb5 axb5 14.a3 Qc7 15.Bb2 Qb7
16.Ne1 Bc6 17.f3 Bd8 18.Qd3 Bb6+ 19.Kh1 Bc5 20.Nc2 Rfd8 21.b4 Ba7 22.Ne3 Bd4
23.Nf5 Bxc3 24.Bxc3 Nxe4 25.Be1 Ng5 26.Nxd6 Qa8 27.Qe3 Bxf3 28.Qxg5 f6 29.Nxc8 Bxd1
30.Qc1 Bg4 31.Nb6 Qb7 32.Qc5 Bh3 33.Qf2 Rd4 34.Rc1 Rg4 35.Qa2+ Kf8 36.Rc8+ Ke7
37.Rc7+ Qxc7 38.Nd5+ Kd7 39.Nxc7 Bxg2+ 40.Qxg2 Rxg2 41.Kxg2 Kxc7 42.Kf3 Kd6
43.Ke4 g6 44.Kd3 Kd5 45.Bf2 f5 46.Kc3 f4 47.Bc5 g5 48.Be7 g4 49.Bg5 h5 50.Kd2 Kc4
51.Kc2 Kd4 52.Kd2 Ke4 53.Bh4 Kd5 54.Bg5 Kd4 55.Bf6 Kd5 56.Bg5 Kc4 57.Kc2 g3
58.hxg3 fxg3 59.Bh4 g2 60.Bf2 h4 61.Bg1 h3 62.Bh2 e4 63.Bg1 e3 64.Bh2 Kd4
65.Kd1 Kd3 66.Ke1 Kc3 67.Ke2 Kb3 68.Kxe3 Kxa3 69.Kf3 Kxb4 70.Kg4 Kc4 71.Kxh3 b4
72.Kxg2 Kd5 73.Bf4  1/2-1/2

[Event "IRL-ch"]
[Site "IRL"]
[Date "1995.??.??"]
[Round "5"]
[White "O'Shaughnessy, Conor"]
[Black "Daly, Colm"]
[Result "1-0"]
[WhiteElo "2215"]
[BlackElo "2210"]

1.e4 c5 2.Nf3 d6 3.Bb5+ Bd7 4.Bxd7+ Nxd7 5.O-O Ngf6 6.Qe2 e6 7.c3 Be7 8.d4 O-O
9.e5 Nd5 10.c4 Nb4 11.a3 Nc6 12.exd6 Bf6 13.dxc5 Nxc5 14.Rd1 Nb3 15.Ra2 Ncd4
16.Nxd4 Nxd4 17.Qe4 Qxd6 18.b4 Qa6 19.Rad2 Nb3 20.Rd6 b6 21.Be3 Rac8 22.c5 Qa4
23.cxb6 axb6 24.Bxb6 Na1 25.g3 Nc2 26.Qd3 h6 27.Bc5 Ra8 28.Rd7 Rfb8 29.Qf3 Nxa3
30.Nxa3 Qxa3 31.Qh5 g6 32.Qxh6 Rd8 33.Rxd8+ Rxd8 34.Rxd8+ Bxd8 35.Qf8+ Kh7
36.Qxf7+ Kh6 37.Qf8+ Kh5 38.Qxd8 Qc1+ 39.Kg2  1-0

[Event "ITA-chT"]
[Site "Italy"]
[Date "1995.??.??"]
[Round "?"]
[White "Tribuiani, Renato"]
[Black "Marinelli, Tullio"]
[Result "1/2-1/2"]
[WhiteElo "2110"]
[BlackElo "2425"]

1.e4 c5 2.Nf3 d6 3.Bb5+ Bd7 4.Bxd7+ Nxd7 5.O-O Ngf6 6.Qe2 g6 7.b3 Bg7 8.Bb2 O-O
9.c4 a6 10.d3 b5 11.Nbd2 e5 12.Ne1 Nh5 13.g3 f5 14.exf5 Rxf5 15.Ne4 Nf8 16.Ng2 Ne6
17.Ne3 Rf7 18.Nd5 Nc7 19.Nxc7 Qxc7 20.Bc1 Qd7 21.Be3 h6 22.Qd2 Kh7 23.Qa5 Nf4
24.Qd2 Raf8 25.f3 Ne6 26.Kg2 Qc6 27.Qe2 d5 28.cxd5 Qxd5 29.Rac1 Rc7 30.Rc2 Rfc8
31.Rfc1 Nd4 32.Bxd4 exd4 33.h4 c4 34.bxc4 bxc4 35.Rxc4 Rxc4 36.Rxc4 Rxc4
37.dxc4 Qa5 38.Nd6 Qa3 39.Qe7 d3 40.h5 Qb2+ 41.Kh3 d2 42.hxg6+ Kxg6 43.Qf7+ Kh7
44.Qf5+ Kh8 45.Qc8+ Kh7 46.Qf5+ Kh8  1/2-1/2

[Event "ITA-chT"]
[Site "Italy"]
[Date "1995.??.??"]
[Round "?"]
[White "Nurkic, Sahbaz"]
[Black "Mantovani, Renzo"]
[Result "0-1"]
[WhiteElo "2450"]
[BlackElo "2370"]

1.e4 c5 2.Nf3 d6 3.Bb5+ Bd7 4.Bxd7+ Nxd7 5.O-O Ngf6 6.Re1 e6 7.c3 Be7 8.d3 O-O
9.Bg5 h6 10.Bh4 Nh5 11.Bxe7 Qxe7 12.Nbd2 Nf4 13.Nf1 Ne5 14.Nxe5 dxe5 15.Qf3 Rfd8
16.Rad1 Qc7 17.Rd2 Rd7 18.Red1 Rad8 19.g3 Ng6 20.Ne3 b5 21.Qe2 a6 22.h4 Ne7
23.Kh2 Nc6 24.Ng2 Qa5 25.a3 Qc7 26.b4 cxb4 27.axb4 a5 28.bxa5 Qxa5 29.Rc1 Qa3
30.Rcc2 b4 31.Ra2 Qxc3 32.Rdc2 Nd4 33.Rxc3 Nxe2 34.Rc4 Nd4 35.Rxb4 Nf3+ 36.Kh3 Rxd3
37.Ne3 R3d4 38.Rxd4 exd4 39.Nd1 Rb8 40.Kg2 Rb3 41.Rb2 Ra3 42.Rb8+ Kh7 43.Nb2 Ne5
44.f4 Ng4 45.Nc4 Ne3+ 46.Nxe3 Rxe3 47.e5 Kg6 48.Rb7 h5 49.Rd7 Rd3 50.Kf2 Kf5
51.Rxf7+ Ke4 52.Rxg7 Rd2+ 53.Kg1 d3 54.Rd7 Kf3 55.f5 exf5 56.e6 Kxg3 57.Rg7+ Kf3
58.Rd7 Kg3 59.Rg7+ Kxh4 60.Rd7 Kg3 61.Rg7+ Kf3 62.Rd7 f4 63.e7 Kg3  0-1

[Event "Katrineholm"]
[Site "Katrineholm"]
[Date "1995.??.??"]
[Round "?"]
[White "Moberg, Karl Johan"]
[Black "Akesson, Ralf"]
[Result "0-1"]
[WhiteElo "2450"]
[BlackElo "2500"]

1.e4 c5 2.Nf3 d6 3.Bb5+ Bd7 4.Bxd7+ Nxd7 5.O-O Ngf6 6.Re1 e6 7.d4 cxd4 8.Qxd4 Qb6
9.Nc3 a6 10.Qd2 Rc8 11.b3 Ne5 12.Nd4 Be7 13.Bb2 O-O 14.Na4 Qa7 15.Rad1 b5
16.Nc3 Qb7 17.f3 Rfd8 18.Kh1 h6 19.Qf2 Rc7 20.Nce2 Ng6 21.Nc1 Rdc8 22.Rd2 Nd7
23.Nd3 Bh4 24.g3 Bf6 25.Kg1 Nc5 26.Red1 Ne7 27.Ne2 Bxb2 28.Nxb2 d5 29.exd5 Nxd5
30.c4 bxc4 31.Nxc4 Qb4 32.Rd4 Qb8 33.Qe1 Nd7 34.Nc3 N5b6 35.Ne4 Nxc4 36.bxc4 Ne5
37.Nd2 Rxc4 38.Rxc4 Nxc4 39.Nxc4 Rxc4 40.Qe3  0-1

[Event "Kemerovo2"]
[Site "Kemerovo"]
[Date "1995.??.??"]
[Round "3"]
[White "Komliakov, Viktor"]
[Black "Isupov, Vladimir"]
[Result "1-0"]
[WhiteElo "2525"]
[BlackElo "2380"]

1.e4 c5 2.Nf3 d6 3.Bb5+ Bd7 4.Bxd7+ Qxd7 5.c4 Nc6 6.Nc3 g6 7.d4 cxd4 8.Nxd4 Nf6
9.O-O Bg7 10.Nde2 O-O 11.f3 a6 12.a4 Qd8 13.Kh1 Nd7 14.Rb1 Nc5 15.b3 h6 16.Be3 Kh7
17.Qc2 Rc8 18.Rfd1 Qa5 19.Bf2 Nb4 20.Qd2 Nc6 21.Be1 Qd8 22.Bh4 Re8 23.Nd5 g5
24.Be1 Kg8 25.a5 Nd7 26.Ne3 Nf6 27.Nf5 Bf8 28.h4 Nh7 29.Neg3 b6 30.axb6 Qxb6
31.Nh5  1-0